00842nam a2200265 u 450000100070000000500170000700800410002403500110006503500210007604000130009704100080011008000070011810000380012524500460016325000090020926000340021830000190025265000450027165000220031665000210033865000250035994200090038499900170039395201660041014834620260506075401.0971121s1913 fre  a148346 a(OCoLC)777998708 ccomduadb afre aWE10aCalot, Francois4auteaut948703510aL'orthopedie indispensable aux praticiens a6ed. aFrancia :bA. Maloine,c1913. a1108 páginas 7aSistema musculoesquelético2dcs951841 aLuxaciones925345 aOrtopedia921097 aTuberculosis9176241 cBOOK c72295d72295 001040708HIS. MEDICaBMbBMd1997-11-21eMaterial adquirido por donacióniC204433l0oWE100 C3-13p61000000557963r2023-04-21 00:00:00t1w2023-04-21yBOOKI